الجامعة الافريقية : (Record no. 16283)
[ view plain ]
| 000 -الفاتح | |
|---|---|
| حقل البيانات ثابتة الطول | 01113nam a22002177a 4500 |
| 008 - عناصر البيانات ثابتة الطول - معلومات عامة | |
| حقل البيانات ثابتة الطول | 111130s1964 ua|||||r|||| 00| 0 ara d |
| 082 ## - رقم تصنيف ديوى العشرى | |
| رقم الطبعة | 22 |
| رقم التصنيف | 341.249 |
| رقم المادة | ل ي ج |
| 100 ## - المدخل الرئيسى - إسم شخصى | |
| 9 (RLIN) | 27956 |
| الإسم الشخصى | ليجوم، كولن |
| 245 ## - بيان العنوان | |
| العنوان | الجامعة الافريقية : |
| بقية العنوان | دليل سياسي موجز / |
| بيان المسئوليه,etc | تاليف كولين ليجوم ؛ ترجمة أحمد محمود سليمان ؛ مراجعة عبد الملك عودة. |
| 250 ## - بيان الطبعة | |
| بيان الطبعة | ط. 2. |
| بقية بيان الطبعة | منقحة |
| 260 ## - PUBLICATION, DISTRIBUTION, ETC. (IMPRINT) | |
| مكان الناشر او الموزع | القاهرة : |
| اسم الناشر او الموزع | الدار المصرية للتأليف والترجمة، |
| تاريخ النشر أو التوزيع | 1964. |
| 300 ## - الوصف المادى | |
| التعداد | 461 ص. ؛ |
| أبعاد الوعاء | 24 سم. |
| 490 ## - بيان السلسلة | |
| -- | 27957 |
| عنوان السلسلة | دراسات افريقية |
| 650 ## - المدخل الاضافى بالموضوع-مصطلح موضوعى | |
| 9 (RLIN) | 28063 |
| مصطلح موضوعي أو اسم جغرافي كعنصر مدخل | المنظمات الأفريقية |
| 651 ## - المدخل الاضافى بالموضوع - اسم جغرافى | |
| 9 (RLIN) | 27959 |
| الاسم الجغرافي | افريقيا |
| التقسيم الفرعي العام | سياسة وحكومة |
| 653 ## - مصطلح تكشيفى غير مقيد | |
| Resource For college | |
| Arrived date list | November2011 |
| 700 ## - المدخل الاضافى - اسم شخصى | |
| 9 (RLIN) | 27960 |
| الإسم الشخصى | سليمان، احمد محمود |
| الدور | مترجم |
| 700 ## - المدخل الاضافى - اسم شخصى | |
| 9 (RLIN) | 27961 |
| الإسم الشخصى | عودة، عبد الملك |
| الدور | مراجع |
| 942 ## - عناصر المدخل الإضافي( كوها) | |
| مصدر التصنيف او مخطط الترفيف | Dewey Decimal Classification |
| Koha [default] item type | Book - Borrowing |
| حالة التراجع | حالة الفقد | مصدر التصنيف او خطة الترفيف | حالة تلف | ليس للاعارة | مجموعات كوها | المكان الدائم | المكان الحالي | موقع الترفيف | تاريخ الاكتساب | Source of acquisition | رقم الاستدعاء | الباركود | Date last seen | نوع الوعاء |
|---|---|---|---|---|---|---|---|---|---|---|---|---|---|---|
| Dewey Decimal Classification | Alef-Baa | Central Library | Central Library | First floor | 30/11/2011 | 341.249 ل ي ج | 000025749 | 15/07/2025 | Book - Borrowing |